1811 1445 1610 1308 1793 1785 1424 1759 1378 1044 1096 1207 1969 1350 1873 1497 1420 1482 1056 1635 1720 1316 1049 1289 1999 1887 1242 1614 1356 1134 1783 1912 1573 1233 1182 1478 1288 1046 1870 1765 1670 1964 1746 1123 1543 1330 1889 1529 1634 1090 1631 1720 1363 1257 1102 1101 1674 1684 1643 1521 1064 1511 1091 1414 1802 1542 1073 1352 1028 1670 1632 1902 1837 1725 1392 1665 1095 1409 1215 1913 1328 1450 1717 1838 1412 1875 1280 1349 1361 1596 1319 1209 1437 1602 1442 1670 1970 1170 1924 BCNSPRNW ULIB Ver.6.0+V

เปลี่ยนเป็นภาษาไทย

Change to English
 แสดงรายละเอียดบรรณานุกรม
  กลับหน้าหลัก

Brief Record : Get Marc (ISO 2709) : E-mail record : QR code < ปิดหน้าต่าง
LEADER : 00000nam 2200000uu 4500
001    13399115113
003     ULIB
008    120710s2550||||th 000 0 tha d
020    ^a9789747706765(ล.5)
050 04 ^aAC159^bภ375ค ล.5 2550
100 0  ^aภัทราพร สังข์พวงทอง
245 10 ^aความรู้นอกกะลา 5 (สารอาหาร) /^cภัทราพร สังข์พวงทอง
250    ^aพิมพ์ครั้งที่ 1
260    ^aกรุงเทพฯ :^bพิมพ์บูรพา,^c2550
300    ^a[125] หน้า :^bภาพประกอบ
650  7 ^aความรู้ทั่วไป
650  7 ^aลูกชิ้น
650  7 ^aน้ำตาล
650  7 ^aกาแฟ
650  7 ^aอาหาร
945    ^p0^l0^i14915
995    ^aกัณชพร
999    ^aใช้งานได้ทุกระบบ
รายการนี้ยังไม่มีแท็ก
คุณยังไม่ได้ล็อกอิน คุณสามารถมีกิจกรรมร่วมกับเว็บไซต์ได้ แต่ต้องล็อกอินก่อน ::
  ล็อกอิน

รายการสื่อสารสนเทศ

ลำดับที่ ประเภท เลขเรียก/บาร์โค้ด สถานที่ สถานะ
- ไม่พบข้อมูล -

รายการใกล้เคียง
    ผู้แต่ง [ภัทราพร สังข์พวงทอง]

    หัวเรื่อง [ความรู้ทั่วไป]
    หัวเรื่อง [ลูกชิ้น]
    หัวเรื่อง [น้ำตาล]
    หัวเรื่อง [กาแฟ]
    หัวเรื่อง [อาหาร]

BibComment


ยังไม่เคยถูกคอมเมนท์

คอมเมนท์ทรัพยากรรายการนี้
  คอมเมนท์: ความรู้นอกกะลา 5..


 Copyright 2026. Bcnsprnw @Library